• 首页
  • 本馆介绍
  • 公告通知
  • 最新文献
  • 馆藏检索
  • 电子资源
  • 读者导购
  • 参考咨询
  • 我的图书馆
  • 登录
  • 详细信息显示
  • 放入我的书架
  • 预约/预借图书
  • 作者相关作品
  • 分类相关作品
  • 丛书相关作品
  • 出版社相关作品

书目信息

  • 表格格式
  • 工作单格式
  • 卡片格式
题名:
人伦传统与交往伦理
    
 
作者: 汪怀君 著
分册:  
出版信息: 济南   山东大学出版社  2007
页数: 22,293页
开本: 21cm
丛书名:
单 册:
中图分类: B82-052
科图分类:
主题词: 人间交往--伦理学--研究 , 人间交往 , 伦理学
电子资源:
ISBN: 978-7-5607-3421-7
000 00850nam0 2200253 450
001 1257471062
005 20120930155823.39
010    @a978-7-5607-3421-7@dCNY25.00
100    @a20070318d2007 em y0chiy50 ea
101 0  @achi
102    @aCN@b370000
105    @ay z 000yy
200 1  @a人伦传统与交往伦理@9ren lun chuan tong yu jiao wang lun li@f汪怀君著
210    @a济南@c山东大学出版社@d2007
215    @a22,293页@d21cm
300    @a中国石油大学(华东)学科建设基金资助项目
330    @a本书分为现代伦理学的困境与交往伦理的转折、现代西方交往行为理论、哈贝马斯的交往伦理学、中国传统交往伦理的理论模式等内容。
606 0  @a人间交往@x伦理学@x研究
606 0  @a人间交往
606 0  @a伦理学
690    @aB82-052@v4
701  0 @a汪怀君@9wang huai jun@c(女,@f1978~)@4著
801  0 @aCN@b91MARC@c20101222
905    @a10447@dB82-052@eJY223
    
    人伦传统与交往伦理/汪怀君著.-济南:山东大学出版社,2007
    22,293页;21cm
    中国石油大学(华东)学科建设基金资助项目
    
    ISBN 978-7-5607-3421-7:CNY25.00
    本书分为现代伦理学的困境与交往伦理的转折、现代西方交往行为理论、哈贝马斯的交往伦理学、中国传统交往伦理的理论模式等内容。
●
相关链接 在E读中查询图书 在五车中查询图书 在当当中查询图书 在豆瓣中查询图书


正题名:人伦传统与交往伦理     索取号:B82-052/JY223         预约/预借

序号 登录号 条形码 馆藏地/架位号 状态 备注
1 7829856   278298566   学院路分馆/ [索取号:B82-052/JY223] 在馆    
2 7829857   278298575   学院路分馆/ [索取号:B82-052/JY223] 在馆    
唐山师范学院图书馆 欢迎您!
大连网信软件有限公司© 版权所有